Solamente ella /

Guardado en:
Autor Principal: Mercader, Martha
Formato: Libro
Publicado: Buenos Aires : Bruguera, 1981
Series:Cinco Estrellas; No. 99
Materias:
Etiquetas: Agregar Etiqueta
Sin Etiquetas, Sea el primero en etiquetar este registro!
LEADER 00602nam a22002175a 4500
001 CEM.cems010747
005 20101202123858.0
008 130507s1981##################000#0#####d
003 CEMS
020 |a 950061001 
082 0 4 |a A863.4 
100 1 |a Mercader, Martha 
245 1 0 |a Solamente ella /  |c Martha Mercader 
260 |a Buenos Aires :  |b Bruguera,  |c 1981 
300 |a 234 p. 
490 0 |a Cinco Estrellas; No. 99 
653 |a Literatura 
653 |a Literatura argentina 
653 |a Novela 
653 |a Novela argentina-siglo 20 
859 |a CEMS  |b BIB. CEMS - 11 de abril  |h A863.4  |i M588-3  |p 21435.01  |t Ej.1